| 000 | 01138nam a2200265 4500 | ||
|---|---|---|---|
| 003 | OSt | ||
| 005 | 20260530113907.0 | ||
| 008 | 260508b2007 mx a|||| |||| 00| 0 spa d | ||
| 040 |
_aICI _bspa _cICI |
||
| 050 | 4 |
_aNK845.Q84 _bQ84 |
|
| 245 | 0 | 0 |
_aQuerétaro : _bdiseño e iconografía : geometrías de la imaginación / _cCoordinador, Roberto Villaseñor González |
| 246 | 3 | 0 |
_aDiseño e iconografía _bQuerétaro : geometrías de la imaginación |
| 264 | 1 |
_bCONACULTA, Direccion General de Culturas Populares e Indigenas, _c2007 _aMéxico, D.F. : |
|
| 300 |
_a176 páginas _c27cm. |
||
| 336 |
_atexto _2rdacontent |
||
| 337 |
_asin medio _2rdamedia |
||
| 338 |
_avolumen _2rdacarrier |
||
| 500 | _aCoedición con: Instituto Queretano de las Culturas y las Artes : Instituto Nacional de Antropologia e Historia : Instituto de Cultura del Municipio de Querétaro | ||
| 500 | _a"Arte Popular de México" | ||
| 650 | 4 |
_aArte popular _zQuerétaro _932958 |
|
| 650 | 4 |
_aSimbolismo en el arte _zQuerétaro _932959 |
|
| 650 | 4 |
_aTejeduría _zQuerétaro _932960 |
|
| 700 | 1 |
_aVillaseñor González, Roberto, _eeditor _932961 |
|
| 942 |
_2lcc _cBK |
||
| 999 |
_c12005 _d12005 |
||